00660nam a22001932 4500001001100000005001700011008004100028020001700069040001500086245009900101250001300200260004900213300001700262500006300279650004000342650004500382700003600427852000300463000001293020151217155219.0090505s xx 000 0 eng d a0273655442 : aKABUcKABU10aWork psychology :bunderstanding human behaviour in the workplace /cJohn Arnold ... [et al.]. a4th ed. aHarlow, England :bPearson Education,c2005. axxv, 718 p. aRev. ed. of : Work psychology / John Arnold. 3rd ed. 1998. 0aPsychology, Industrial.@0000150821 0aWorkxPsychological aspects.@00001581621 aArnold, John Floyd.@00001176491